Towards understanding galaxies at large redshift : proceedings of the Fifth Workshop of the Advanced School of Astronomy of the Ettore Majorana Centre for Scientific Culture, Erice, Italy, June 1-10, 1987 /

Bibliographic Details
Corporate Author: Ettore Majorana International Centre for Scientific Culture. Advanced School of Astronomy. Workshop
Other Authors: Kron, Richard G., Renzini, Alvio
Format: Book
Language:English
Published: Dordrecht ; Boston : Kluwer Academic Publishers, [1988]
Series:Astrophysics and space science library ; v. 141.
Subjects:

MARC

Tag First Indicator Second Indicator Subfields
LEADER 00000cam a22000008a 4500
001 in00000028888
005 20151007054731.0
008 871208s1988 ne a b 10010 eng
010 |a  87036756  
020 |a 9027726817 
035 |a (OCoLC)17298753 
035 |9 AAB6068AM 
040 |a DLC  |c DLC  |d TXA  |d UtOrBLW 
049 |a TXAM  |c [A10954363] 
050 0 0 |a QB856  |b .E77 1987 
082 0 |a 523.1/12  |2 19 
110 2 |a Ettore Majorana International Centre for Scientific Culture.  |b Advanced School of Astronomy.  |b Workshop  |n (5th :  |d 1987 :  |c Erice, Sicily) 
245 1 0 |a Towards understanding galaxies at large redshift :  |b proceedings of the Fifth Workshop of the Advanced School of Astronomy of the Ettore Majorana Centre for Scientific Culture, Erice, Italy, June 1-10, 1987 /  |c edited by Richard G. Kron and Alvio Renzini. 
263 |a 8801 
264 1 |a Dordrecht ;  |a Boston :  |b Kluwer Academic Publishers,  |c [1988] 
264 4 |c ©1988 
300 |a xiv, 347 pages :  |b illustrations 
336 |a text  |b txt  |2 rdacontent 
337 |a unmediated  |b n  |2 rdamedia 
338 |a volume  |b nc  |2 rdacarrier 
490 1 |a Astrophysics and space science library ;  |v v. 141 
504 |a Includes bibliographies. 
650 0 |a Galaxies  |v Congresses. 
650 0 |a Red shift  |v Congresses. 
700 1 |a Kron, Richard G. 
700 1 |a Renzini, Alvio. 
830 0 |a Astrophysics and space science library ;  |v v. 141. 
999 |a MARS 
999 f f |s 862302cd-aaf5-384d-b2c1-219f1ea6f7fc  |i 47e15379-9323-382e-b907-fd817c8968a9  |t 0 
952 f f |p ric  |a Texas A&M University  |b Rellis Campus  |c Joint Library Facility  |d Remote Storage  |t 0  |e QB856 .E77 1987  |h Library of Congress classification  |i unmediated -- volume  |m A14810954363 
998 f f |a QB856 .E77 1987  |t 0  |l Remote Storage